000 00682cam a22002413a 4500
001 20025
003 PGUSA
005 20140828083426.0
008 061205s2006||||xxu|||||s|||||000 1 eng d
040 _aPGUSA
_beng
042 _adc
050 4 _aPS
100 1 _aStimson, Frederic Jesup,
_d1855-1943
245 1 0 _aPirate Gold
_h[electronic resource] /
_cFrederic Jesup Stimson
260 _bProject Gutenberg,
_c2006
506 _aPublic domain in the USA.
516 _aElectronic text
653 _aBoston (Mass.) -- Fiction
653 _aBank employees -- Fiction
830 0 _aProject Gutenberg
_v20025
856 4 0 _uhttp://www.gutenberg.org/ebooks/20025
942 _cEB
999 _c249280
_d249280